Divinités primordiales de la mythologie grecque - Statistiques

Statistiques générales
  • Ce quiz a été pris 893 fois
    882 depuis la dernière actualisation
  • Le résultat moyen est 15 sur 29
Statistiques - réponses
Rôles/Attributs Divinités % Correct
Terre Gaïa
93%
Ciel Ouranos
86%
Amour Eros
85%
Nuit Nyx
80%
Lune Séléné
78%
Néant Chaos
75%
Rêves Morphée
75%
Soleil Hélios
74%
Sommeil Hypnos
73%
Mort Thanatos
73%
Vengeance Némésis
62%
Vent du Nord Borée
60%
Discorde Eris
56%
Arc-en-ciels Iris
56%
Vent d'Ouest Zéphyr
51%
Ténèbres Erèbe
42%
Jeunesse Hébé
41%
Peur Phobos
37%
Justice Thémis
34%
Jour Héméra
29%
Terreur Déimos
28%
Océan Pontos
28%
Pouvoir Kratos
27%
Vent d'Est Euros
24%
Vent du Sud Notos
24%
Montagnes Ouréa
24%
Mer Thalassa
20%
Force Bia
9%
Destruction Enyo
5%
Aucun quiz correspondant
Distribution des résultats
% des personnes avec chaque résultat
Percentile par nombre de réponses
Votre historique - résultats
Vous n’avez pas pris ce quiz depuis la dernière actualisation